000 02216nam a22003257a 4500
005 20121121155112.0
008 121121t xxu||||| |||| 00| 0 eng d
010 _aENG-106186
020 _a9781259061172
_c450.00
020 _a1259061175
_c450.00
035 _aEN-89719
037 _bDBAD/PUB
040 _aDPL
_bEng
082 0 4 _a005.8
_222
100 1 _aMcCarthy, N. K.
_953704
245 1 4 _aThe Computer incident response planning handbook :
_bexecutable plans for potecting information at risk /
_cby N.K. McCarthy
260 _aNew Delhi
_bTata McGraw-Hill
_cc2012
270 _a7 West Patel Nagar
_bNew Delhi
_e110008
300 _axxviii, 209p.
_c24cm(pbk)
505 0 _a1. Introduction to planning and crisis -- 2. Cyber due diligence in an era of information risk -- 3. Getting more out of your plans -- 4. Writing your computer incident response plan -- 5. Your data breach CIRP: Incident preparation -- 6. Your data breach CIRP: Plan execution -- 7. Your data breach CIRP: Post incident planning and maintenance -- 8. Your malware outbreak CIRP: Incident preparation -- 9. Your malware outbreak CIRP: Plan execution -- 10. Your malware outbreak CIRP: Post incident planning and maintenance -- 11. Closing thoughts -- Appendix A. Useful online resources -- Appendix B. Computer incident response plan (CIRP) management checklist -- Glossary -- Index.
650 0 _aComputer networks
_xQuality control
_vHandbooks, manuals, etc.
_953705
650 0 _aComputer networks
_xSecurity measures
_vHandbooks, manuals, etc.
_953706
650 0 _aComputer security
_vHandbooks, manuals, etc.
_953707
856 4 2 _3Contributor biographical information
_uhttp://www.loc.gov/catdir/enhancements/fy1214/2011277739-b.html
856 4 2 _3Publisher description
_uhttp://www.loc.gov/catdir/enhancements/fy1214/2011277739-d.html
856 4 1 _3Table of contents only
_uhttp://www.loc.gov/catdir/enhancements/fy1214/2011277739-t.html
942 _2ddc
_cEN
_h005.8
_mMCC
999 _c71556
_d71556